Normal view
MARC view
Entry Topical Term
001 - CONTROL NUMBER
- control field: 801994
003 - CONTROL NUMBER IDENTIFIER
- control field:
005 - DATE AND TIME OF LATEST TRANSACTION
- control field: 20210627055746.0
008 - FIXED-LENGTH DATA ELEMENTS
- fixed length control field: 210627|| aca||aabn | a|a d
040 ## - CATALOGING SOURCE
- Original cataloging agency:
- Transcribing agency:
150 ## - HEADING--TOPICAL TERM
- Topical term or geographic name entry element: Extraordinary remedies
- Geographic subdivision: Canada
670 ## - SOURCE DATA FOUND
- Source citation: Work cat.: ()670730: Constantineau, Albert, 1866- 801990, A treatise on the de facto doctrine :, 1910
